书目信息 |
| 题名: |
人类遗传学导论
|
|
| 作者: | 余其兴 赵刚 | |
| 分册: | ||
| 出版信息: | 北京 高等教育出版社 2000 |
|
| 页数: | 195 | |
| 开本: | 26cm | |
| 丛书名: | ||
| 单 册: | ||
| 中图分类: | Q987 | |
| 科图分类: | ||
| 主题词: | 人类遗传学 | |
| 电子资源: | ||
| ISBN: | 7-04-008617-4 | |
| 000 | 00527nam0 2200181 450 | |
| 001 | 0741144344 | |
| 005 | 20070817112544.34 | |
| 010 | @a7-04-008617-4@d¥19.20 | |
| 100 | @a20070817d km y0chiy0120 ea | |
| 101 | 0 | @achi |
| 200 | 1 | @a人类遗传学导论@Aren lei yi chuan xue dao lun@f余其兴 赵刚@Fyu qi xing zhao gang |
| 210 | @a北京@c高等教育出版社@d2000 | |
| 215 | @a195@d26cm | |
| 606 | 0 | @a人类遗传学 |
| 690 | @aQ987@v3 | |
| 701 | 0 | @a余其兴 赵刚@Ayu qi xing zhao gang |
| 801 | 0 | @aCN@bPFT@c20070817 |
| 905 | @a213230@dQ987@en1@f1 | |
| 人类遗传学导论/余其兴 赵刚.-北京:高等教育出版社,2000 |
| 195;26cm |
| ISBN 7-04-008617-4:¥19.20 |
| ● |
| 相关链接 |
|
|
|
|
正题名:人类遗传学导论
索取号:Q987/n1
 
预约/预借
| 序号 | 登录号 | 条形码 | 馆藏地/架位号 | 状态 | 备注 |
| 1 | 6600474 | 266004744 | 生命科学系资料室/ [索取号:Q987/n1] | 在馆 |